[Event "Loebau-Zittau KSK op"]
[Site "Leutersdorf"]
[Date "2004.02.13"]
[Round "2"]
[White "Ain, Franziska"]
[Black "Binner, Manuel"]
[Result "1-0"]
[WhiteElo "1115"]
[BlackElo "1463"]
[PlyCount "73"]
[EventDate "2004.02.13"]
[EventType "swiss"]
[EventRounds "7"]
[EventCountry "GER"]
[SourceTitle "CBM 098 Extra"]
[Source "ChessBase"]
[SourceDate "2004.03.10"]
[SourceVersion "2"]
[SourceVersionDate "2004.03.10"]
[SourceQuality "1"]

1. e4 g6 2. Bc4 Bg7 3. Nf3 d6 4. 0-0 Nf6 5. Qe2 c5 6. e5 dxe5 7. Nxe5 0-0 8. Rd1 Nbd7 9. d4 Qc7 10. Nxd7 Bxd7 11. h3 a6 12. c3 b5 13. Bd3 cxd4 14. c4 Rfc8 15. b3 e5 16. Nd2 e4 17. Nxe4 Nxe4 18. Bxe4 d3 19. Qf3 Rab8 20. Bf4 Qa7 21. Bxb8 Qxb8 22. Rac1 Bb2 23. Rb1 bxc4 24. bxc4 Qe5 25. Qxd3 Ba4 26. Rd2 Bc3 27. Re2 Qa5 28. Qd5 Qc7 29. Rb7 Qxc4 30. Qxc4 Rxc4 31. Bd5 Rc5 32. Bxf7+ Kf8 33. Be6 Be8 34. Bd7 Be5 35. Kf1 Rc1+ 36. Re1 Bc3 37. Rxc1 1-0